Acceso a la justicia para mujeres vc̕timas de violencia sexual Quinto Informe de Seguimiento al Auto 092 de 2008 de la Corte Constitucional /

Bibliographic Details
Main Author: Chaparro Moreno, Liliana Roco̕
Format: eBook
Language:Spanish
Published: Bogot:̀ Comisin̤ Colombiana de Juristas, 2013
Subjects:
Online Access:Acceso restringido

MARC

LEADER 00000nam a22000007a 4500
005 20200311230153.0
007 cr|||| ||||
008 200311s2013 co |||||s|||| 00||0 spa d
020 |a 978-958-8608-07-5 
035 |a 31141 
040 |a vLex 
090 |c 10236  |d 10236 
100 1 |a Chaparro Moreno, Liliana Roco̕ 
245 1 0 |a Acceso a la justicia para mujeres vc̕timas de violencia sexual  |h [Recurso electrn̤ico] :  |b Quinto Informe de Seguimiento al Auto 092 de 2008 de la Corte Constitucional /  |c Liliana Roco̕ Chaparro Moreno 
256 |a Servicio en ln̕ea 
260 |a Bogot:̀  |b Comisin̤ Colombiana de Juristas,  |c 2013 
300 |a 1 recurso electrn̤ico 
506 1 |a Disponible solo en los productos indicados  |d vLex Global  |d vLex Global (Academic Edition, excluding Law Schools)  |d vLex Global (U.S. Academic Edition, Law Schools)  |d vLex Global (U.S. Academic Edition, excluding Law Schools)  |d vLex Global (Academic Edition, Law Schools) 
650 0 4 |a Derecho Constitucional  |z Colombia 
740 0 |a vLex Libros (Servicio en ln̕ea) 
856 4 0 |u http://vlex.com/source/acceso-justicia-mujeres-victimas-violencia-sexual-quinto-informe-seguimiento-auto-092-2008-corte-constitucional-31141  |z Acceso restringido 
942 |c BOOK 
999 0 |a Constitutional right